Super Meat Boy Bosses - Statistics

General Stats
  • This quiz has been taken 16 times
  • The average score is 4 of 6
Answer Stats
World Boss % Correct
The Salt Factory Brownie
100%
The End Dr. Fetus
100%
The Hospital C.H.A.D.
75%
The Forest Lil' Slugger
67%
Hell Little Horn
50%
Rapture Larries Lament
33%
No matching quizzes found
Score Distribution
Percent of People with Each Score
Percentile by Number Answered
Your Score History
You have not taken this quiz